000 00550cam a22002051 4500
001 6894933
003 ARRUPE
005 20141119160308.0
008 740117s1936 xx 000 0 eng
010 _a 36008014
035 _a(OCoLC)778169
040 _aDLC
_cOTifH
_dOMC
_dDLC
050 0 0 _aPZ3.M8194
_bS6
100 1 _aMorgan, Charles,
_d1894-1958.
_912734
245 1 0 _aSparkenbroke.
260 _aNew York,
_bMacmillan,
_c1936.
300 _a551 p.
_c21 cm.
906 _a7
_bcbc
_coclcrpl
_du
_encip
_f19
_gy-gencatlg
942 _2lcc
_cMONOGRAPH
999 _c121274
_d121274